00739nam a22001937a 4500999001900000005001700019010001500036020002600051035001400077037001300091082001100104100002500115245008100140260005200221270007800273300004600351942002500397952012300422 c194507d19450720221227105846.0 aENG-135945 a9789354794797c675.00 aEN-119477 bDBAD/PUB a330.22 aSmith, Eugene Salder aHuman Resource Development:bFrom Theory into Practice/cEugene Sadler-Smith aNew DelhibSage Publication India Pvt Ltdc2022 aB-1/I-I Mohan Cooperative Industrial Area Mathura RoadbNew Delhie110044 axix, 359p. bReferences, Indexc24cm(pbk) 2ddccENmSMIh330.22 001040708NFICaKGMbKGMd2022-12-27eDBAD/PUBg675.00l0o330.22 SMIpEN-119477r2022-12-27 00:00:00t1v675.00yEN